000 00648nam a2200253Ia 4500
003 OSt
005 20221005132210.0
006 a|||||r|||| 00| 0
007 ta
008 221004b |||||||| |||| 00| 0 tam d
024 _a47093
037 _cTextual
040 _aCRL
_cCRL
_btam
041 _2tam
_atam
082 _aDelta25xK00, 31J6
100 _aSubramanyapillai
_9640746
245 0 _aThayamanaearwamigal
260 _c1956
300 _a225p.
_ccm.
650 _a TAMIL LANGUAGE
650 _aSPECTRUM ANALYSIS
942 _hDelta25xK00, 31J6
_cTEXL
_2cc
999 _c1062751
_d1062751